К вопросу о формах спецификации сознания в философии и науке; Известия Томского политехнического университета [Известия ТПУ]; Т. 316, № 6: Экономика. Философия, социология и культурология

Dettagli Bibliografici
Parent link:Известия Томского политехнического университета [Известия ТПУ]/ Томский политехнический университет (ТПУ).— , 2000-
Т. 316, № 6: Экономика. Философия, социология и культурология.— 2010.— [С. 109-113]
Autore principale: Мигуренко Р. А. Раиса Афанасьевна
Riassunto:Заглавие с титульного листа
Электронная версия печатной публикации
Статья посвящена различным аспектам проблемы логических и символических форм выражения понимания сознания в философии и науке. Проблема сознания анализируется как логико-лингвистическая проблема, обусловленная как двойственной природой философии, так и сложностью проблемы сознания для философского и научного исследования.
Lingua:russo
Pubblicazione: 2010
Serie:Философия, социология и культурология
Soggetti:
Accesso online:http://www.lib.tpu.ru/fulltext/v/Bulletin_TPU/2010/v316/i6/23.pdf
Natura: MixedMaterials Elettronico Capitolo di libro
KOHA link:https://koha.lib.tpu.ru/cgi-bin/koha/opac-detail.pl?biblionumber=187730

MARC

LEADER 00000nla2a2200000 4500
001 187730
005 20231031174111.0
035 |a (RuTPU)RU\TPU\book\203694 
035 |a RU\TPU\book\203693 
090 |a 187730 
100 |a 20101119d2010 k y0rusy50 ca 
101 0 |a rus 
102 |a RU 
135 |a drnn ---uucaa 
181 0 |a i  
182 0 |a b 
200 1 |a К вопросу о формах спецификации сознания в философии и науке  |b Электронный ресурс  |f Р. А. Мигуренко 
203 |a Текст  |c электронный 
215 |a 1 файл (59 Кб) 
225 1 |a Философия, социология и культурология 
230 |a Электронные текстовые данные (1 файл : 59 Кб) 
300 |a Заглавие с титульного листа 
300 |a Электронная версия печатной публикации 
320 |a [Библиогр.: с. 113 (5 назв.)] 
330 |a Статья посвящена различным аспектам проблемы логических и символических форм выражения понимания сознания в философии и науке. Проблема сознания анализируется как логико-лингвистическая проблема, обусловленная как двойственной природой философии, так и сложностью проблемы сознания для философского и научного исследования. 
337 |a Adobe Reader 
461 1 |0 (RuTPU)RU\TPU\book\176237  |t Известия Томского политехнического университета [Известия ТПУ]  |f Томский политехнический университет (ТПУ)  |d 2000- 
463 1 |0 (RuTPU)RU\TPU\book\203561  |x 1684-8519  |t Т. 316, № 6: Экономика. Философия, социология и культурология  |v [С. 109-113]  |d 2010  |p 243 с. 
610 1 |a сознание 
610 1 |a логические формы 
610 1 |a символические формы 
610 1 |a рефлексия 
610 1 |a словарь описания 
610 1 |a труды учёных ТПУ 
610 1 |a электронный ресурс 
700 1 |a Мигуренко  |b Р. А.  |c российский философ  |c доцент Томского политехнического университета, кандидат философских наук  |f 1947-  |g Раиса Афанасьевна  |2 stltpush  |3 (RuTPU)RU\TPU\pers\24690 
801 1 |a RU  |b 63413507  |c 20090623  |g PSBO 
801 2 |a RU  |b 63413507  |c 20211222  |g PSBO 
856 4 |u http://www.lib.tpu.ru/fulltext/v/Bulletin_TPU/2010/v316/i6/23.pdf 
942 |c CF